header

Mastering Windows SharePoint Services 3.0 (Record no. 20848)

MARC details
000 -LEADER
fixed length control field 01184nam a2200325Ia 4500
100 1# - MAIN ENTRY--AUTHOR NAME
Personal name Callahan, C. A.,
245 10 - TITLE STATEMENT
Title Mastering Windows SharePoint Services 3.0
260 ## - PUBLICATION, DISTRIBUTION, ETC. (IMPRINT)
Place of publication Indianapolis, Ind. :
Name of publisher Wiley Pub.,
Year of publication c2008.
300 ## - PHYSICAL DESCRIPTION
Number of Pages xxxiii, 1067 p. :
Other physical details ill.
490 1# - SERIES STATEMENT
Series statement Serious skills
500 ## - GENERAL NOTE
General note Includes index.
650 #0 - SUBJECT ADDED ENTRY--TOPICAL TERM
Topical Term Intranets (Computer networks)
Topical Term Web servers.
856 40 - ELECTRONIC LOCATION AND ACCESS
Uniform Resource Identifier http://site.ebrary.com/lib/rucke/Doc?id=10275729

No items available.

© 2026 Rongo University
Contact us: librarian | system librarian | Rongo university